000 00473nam a22001697a 4500
005 20231102120907.0
008 231101b |||||||| |||| 00| 0 eng d
082 _a808.0420711
_bMUR
100 _aMurray, Rowena
245 _aHandbook of academic writing :
_ba fresh approch /
_cRowena Murray, [and] Sarah Moore
260 _aUSA
_bMcGraw-Hill
_c2006
300 _a193
500 _aInclude Index
650 _aAcademic writing
700 _aRowena Murray
999 _c34656
_d34656